Intermediate analysis

Tallennettuna:
Bibliografiset tiedot
Päätekijät: Ramanujan, M. S (Tekijä), Thomas, Edward S (Tekijä)
Aineistotyyppi: Kirja
Kieli:englanti
Julkaistu: Londres Collier-Macmillan 1970
Aiheet:
Tagit: Lisää tagi
Ei tageja, Lisää ensimmäinen tagi!

MARC

LEADER 00000nam a2200000 a 4500
001 UCP3064
003 CL-VaPUC
008 990604e19700000UK |||||||||||||||||eng|d
082 0 4 |a 515  |b RAM  |2 21 
100 0 |a Ramanujan, M. S  |e author  |9 430165 
700 0 |a Thomas, Edward S  |e author  |9 430166 
245 1 0 |a Intermediate analysis 
300 |a 165 p 
942 |c BK 
945 |d 19990604 00:00:00  |a crobeson 
260 |a Londres  |b Collier-Macmillan  |c 1970 
650 0 |a Análisis matemático   |9 260146 
650 0 |a Lógica matemática   |9 262442 
650 0 |a Teoría de conjuntos   |9 265668 
650 0 |a Funciones   |9 263869 
650 7 |a RELACIONES  |2 CL-VaPUC  |9 268744 
650 0 |a Teoría de números  |9 265327 
650 0 |a Series numéricas  |9 423265 
650 0 |a Teoría de campos  |9 316480 
583 |a last modification  |c 19990604 00:00:00  |k Rodrigo Vera 
999 |c 281503  |d 281501